Kadra Danii Na Euro 2020 - Statystyki

Ogólne statystyki
  • Ten quiz został rozwiązany 46 razy
  • Średni wynik to 12 z 26
Statystyki odpowiedzi
Hint Odpowiedź % Poprawnych
Pomocnik Eriksen
97%
Bramkarz Schmeichel
92%
Obrońca Kjaer
89%
Napastnik Damsgaard
81%
Napastnik Poulsen
81%
Obrońca Christensen
76%
Napastnik Dolberg
73%
Pomocnik Delaney
65%
Napastnik Braithwaite
59%
Obrońca Maehle
54%
Pomocnik Hojbjerg
51%
Obrońca Vestergaard
51%
Pomocnik Wass
41%
Napastnik Cornelius
38%
Pomocnik Jensen
38%
Pomocnik Skov
38%
Obrońca Jorgensen
27%
Obrońca Stryger Larsen
27%
Bramkarz Ronnow
24%
Pomocnik Norgaard
22%
Napastnik Wind
22%
Pomocnik Christiansen
16%
Bramkarz Lossl
16%
Napastnik Skov Olsen
16%
Obrońca Boilesen
11%
Obrońca Anderson
8%
Nie znaleziono quizów pasujących do podanych kryteriów
Rozkład punktacji
Procent ludzi z każdym wynikiem
Percentyl według liczby udzielonych odpowiedzi
Twoja historia wyników
Nie rozwiązałeś tego quizu